Normal view
MARC view
- Ballaz Zabalza, Jesús,
Entry Nombre Personal
001 - NUMERO DE CONTROL
- campo de control: 34350
003 - IDENTIFICADOR DE NUMERO DE CONTROL
- campo de control: UPN
005 - FECHA Y HORA DE LA ÜLTIMA TRANSACCIÓN
- campo de control: 20210219194452.0
008 - DATOS DE LONGITUD FIJA
- campo de control de longitud fija: nabaccnnaabn|||||||||| b |nc|||||d
035 ## - NUMERO DE CONTROL
- Número de control: UPN11000006457
040 ## - FUENTE DE CATALOGACIÓN
- Lenguaje de catalogación: SPA
- Agencia de transcripción: UPN
100 1# - ENCABEZAMIENTO - NOMBRE PERSONAL
- Nombre personal: Ballaz Zabalza, Jesús,
- Fechas asociadas con el nombre: 1946-
400 1# - VEÁSE - NOMBRE DE PERSONA
- Personal name: Ballaz, Jesús,
- Dates associated with a name: 1946-
670 ## - FUENTE EN LA QUE SE LOCALIZARON DATOS
- Cita de la fuente: LC/P
680 ## - NOTA PUBLICA DE ACCESO PÚBLICO
- Frase explicativa de la referencia: Escritor y traductor español
902 ## - CATALOGADOR
- Catalogador: CAA/071113
